Handbook of real-time and embedded systems / (Record no. 23914)

MARC details
000 -LEADER
fixed length control field 01051cam a22002775a 4500
001 - CONTROL NUMBER
control field 14701197
005 - DATE AND TIME OF LATEST TRANSACTION
control field 20201128024120.0
008 - FIXED-LENGTH DATA ELEMENTS--GENERAL INFORMATION
fixed length control field 070117t2008 flua frb 001 0 eng d
020 ## - INTERNATIONAL STANDARD BOOK NUMBER
International Standard Book Number 9781584886785
020 ## - INTERNATIONAL STANDARD BOOK NUMBER
International Standard Book Number 1584886781
040 ## - CATALOGING SOURCE
Original cataloging agency DLC
Transcribing agency DLC
Modifying agency UKM
-- BAKER
-- BTCTA
-- C#P
-- YDXCP
-- DLC
-- EG-ScBUE
Language of cataloging eng
082 04 - DEWEY DECIMAL CLASSIFICATION NUMBER
Edition number 22
Classification number 004.33
Item number HAN
245 00 - TITLE STATEMENT
Title Handbook of real-time and embedded systems /
Statement of responsibility, etc edited by Insup Lee, Joseph Y-T. Leung, Sang H. Son.
260 ## - PUBLICATION, DISTRIBUTION, ETC. (IMPRINT)
Place of publication, distribution, etc Boca Raton :
Name of publisher, distributor, etc Chapman & Hall / CRC / Taylor & Francis Group,
Date of publication, distribution, etc c.2008.
300 ## - PHYSICAL DESCRIPTION
Extent 1 v. (various pagings) :
Other physical details ill. ;
Dimensions 27 cm.
490 0# - Series Statement
Series statement Chapman & Hall/CRC computer and information science series
504 ## - BIBLIOGRAPHY, ETC. NOTE
Bibliography, etc Includes bibliographical references and index.
650 #7 - SUBJECT ADDED ENTRY--TOPICAL TERM
Topical term or geographic name as entry element Real-time data processing.
Source of heading or term BUEsh
9 (RLIN) 23169
650 #7 - SUBJECT ADDED ENTRY--TOPICAL TERM
Topical term or geographic name as entry element Embedded computer systems
General subdivision Programming.
Source of heading or term BUEsh
9 (RLIN) 2646
651 ## - SUBJECT ADDED ENTRY--GEOGRAPHIC NAME
Source of heading or term BUEsh
653 ## - INDEX TERM--UNCONTROLLED
Resource For college Informatics and Computer Science
Arrived date list January2017
700 1# - ADDED ENTRY--PERSONAL NAME
Personal name Lee, Insup,
Relator term editor.
700 1# - ADDED ENTRY--PERSONAL NAME
Personal name Leung, Joseph Y-T.,
Relator term editor.
700 1# - ADDED ENTRY--PERSONAL NAME
Personal name Son, Sang H.,
Relator term editor.
9 (RLIN) 36996
942 ## - ADDED ENTRY ELEMENTS (KOHA)
Source of classification or shelving scheme Dewey Decimal Classification
Holdings
Withdrawn status Item status Source of classification or shelving scheme Damaged status Not for loan Vendor Home library Current library Shelving location Date acquired Source of acquisition Cost, normal purchase price Serial Enumeration / chronology Total Checkouts Full call number Barcode Date last seen Cost, replacement price Koha item type
    Dewey Decimal Classification     Scientific home BookShop Central Library Central Library Lower Floor 12/01/2017 Purchase 1160.00 2691   004.33 HAN 000040920 15/07/2025 1450.00 Book - Borrowing